| 000 | 01216nam0a2200325 i 4500 | ||
|---|---|---|---|
| 001 | RU\NLR\BIBL_A\010900099 | ||
| 005 | 20260405231618.0 | ||
| 010 |
_a9785922116350 _9500 |
||
| 021 |
_aRU _b2015-82144 _95005 |
||
| 035 | _a(NILC)RuMoRGB-008049267 | ||
| 035 | _a(NLR Aleph) 010900099 | ||
| 090 |
_a10588758 _c10588758 |
||
| 100 | _a20151113d2015 u y0rusy50 ca | ||
| 101 | 0 | _arus | |
| 102 | _aRU | ||
| 105 | _aac||j||||00yy | ||
| 200 | 1 |
_aАстрономия _e[учебное пособие] _fА. В. Засов, Э. В. Кононович |
|
| 205 | _aИзд. 2-е, испр. и доп. | ||
| 210 |
_aМосква _cФизматлит _d2015 |
||
| 215 |
_a258 с., [8] л. цв. ил. _cил. _d22 |
||
| 606 | 1 |
_aАстрономия _jУчебные издания _9948735 _3RU\NLR\AUTH\6633617 |
|
| 675 | _a52 | ||
| 686 | 1 | _aВ6я7 | |
| 700 | 1 |
_7ca _8rus _aЗасов _bА. В. _f1941- _gАнатолий Владимирович _918973 _3RU\NLR\AUTH\7735979 |
|
| 701 | 1 |
_7ca _8rus _aКононович _bЭ. В. _f1931- _gЭдвард Владимирович _988438 _3RU\NLR\AUTH\77105513 |
|
| 801 | 0 |
_aRU _bРГБ _c20151021 _gRCR |
|
| 942 | _cBOOK | ||
| 980 | _aNBR | ||